| 000 | 01021nam a22003257a 4500 | ||
|---|---|---|---|
| 003 | CHAP | ||
| 005 | 20220329135950.0 | ||
| 008 | 971013s1868 r 00010 d | ||
| 010 | _a44842 | ||
| 011 | _a45814 | ||
| 035 | _a49953 | ||
| 040 | _cCHAP | ||
| 082 |
_a631 _bS4 |
||
| 100 | 0 | 0 |
_aUriarte, Juan E. de. _9116908 |
| 245 | _aGuía del comerciante de licores y semillas | ||
| 260 |
_aPuebla : _bImpresa por Pedro Alarcón, _c1868 |
||
| 300 | _a47 p. | ||
| 500 | _aEncuadernado con: Segura, J.C. Cartilla de Agricultura | ||
| 590 |
_aBATCH-UPD _b10 _c20130109 _lUCH01 _h2330 |
||
| 590 |
_aBATCH-UPD _b10 _c20130110 _lUCH01 _h1408 |
||
| 590 |
_aBATCH-UPD _b10 _c20130410 _lUCH01 _h0856 |
||
| 590 |
_aBATCH-UPD _b10 _c20130914 _lUCH01 _h0913 |
||
| 590 |
_aCONVERSION _b10 _c20130109 _lUCH01 _h1325 |
||
| 650 | 1 | 4 |
_aCereales _xMercadeo. _921435 |
| 650 | 1 | 4 |
_aComercio _xDiccionarios. _925568 |
| 650 | 1 | 4 |
_aLicores _xGraduación. _966718 |
| 901 | _aBK | ||
| 942 | _cLIBRO | ||
| 949 |
_a631 S4 _bBC _cBPP _d-112483 _eBPP _i49953 _si |
||
| 999 |
_c44842 _d44842 |
||